Simplifying a process with flowcharts (Record no. 76949)

MARC details
000 -CABECERA
campo de control de longitud fija 00600nam a2200217 a 4500
005 - FECHA Y HORA DE LA ÚLTIMA TRANSACCIÓN
campo de control 20210219153436.0
008 - ELEMENTOS DE LONGITUD FIJA--INFORMACIÓN GENERAL
campo de control de longitud fija 991125n 000 0 u
035 ## - NÚMERO DE CONTROL DEL SISTEMA
Número de control de sistema UPN01000099953
100 ## - ASIENTO PRINCIPAL--NOMBRE PERSONAL
Nombre de persona Williams, Joann M.
222 ## - TÍTULO CLAVE
Título clave NEW DIRECTIONS FOR INSTITUTIONAL RESEARCH
245 ## - MENCIÓN DE TÍTULO
Título Simplifying a process with flowcharts
300 ## - DESCRIPCIÓN FÍSICA
Extensión 89-93
362 ## - FECHAS DE PUBLICACIÓN Y/O DESIGNACIÓN SECUENCIAL
Fecha de publicación y/o designación secuencial No. 78, 1993
505 ## - NOTA DE CONTENIDO CON FORMATO PREESTABLECIDO
Nota de contenido con formato Octubre 1993
653 0# - TERMINO DE INDIZACION - NO CONTROLADO
Término no controlado AUTOEVALUACION (GRUPOS)
653 0# - TERMINO DE INDIZACION - NO CONTROLADO
Término no controlado DIAGRAMAS DE FLUJO
653 0# - TERMINO DE INDIZACION - NO CONTROLADO
Término no controlado RESOLUCION DE PROBLEMAS
653 0# - TERMINO DE INDIZACION - NO CONTROLADO
Término no controlado SISTEMAS DE DIRECCION
904 ## - ELEMENTOS DE DATOS D LOCAL, LDD (RLIN)
a AC
b 037764
905 ## - TIPO DE MATERIAL
Tipo de material Articulo

No items available.